00660nam a2200241 a 4500001001300000003000900013005001700022008004100039020001000080082001700090100001500107245001900122260004100141300000900182500003500191505001000226650002000236700001500256902000800271942000700279952011700286999001500403nice12345678IN_TiNIC20260116011758.0050524s1913 luca grp 000 0 urd  ac10000a297.82bALI2 aAli, Hasan aTohfatul Awaam aLucknowbGulzar-E-syedi Press c1913 a387p aincludes index and biblioraphy2 aIndex aShiah-Doctrines1 aAli, Hasan bSRS cBK 001040708StackRoom-aHMIbHMId2007-06-28g100.00l0o297.82 ALI2p06545r2007-06-28v100.00w2005-05-24yBK c3897d3897